000 00324nam a22001337a 4500
008 181031b xxu||||| |||| 00| 0 eng d
020 _a9780534089405
041 _aeng
080 _a371
100 _a46
101 _aEDU
245 _aThe Language of Learning Vocabulary for College Success
_cHopper,J
942 _2udc
_cBK
999 _c51271
_d51271